Weird Geo Facts #1 - Statistics

General Stats
  • This quiz has been taken 35 times
  • The average score is 8 of 15
Answer Stats
Hint Answer % Correct
This state is the westernmost and easternmost state in the USA. Alaska
100%
A good morning Is a good night in other parts of this country Russia
88%
This country also borders 14 countries. Russia
88%
This country touches 14 countries. China
82%
This African country has more pyramids than Egypt. (Nearly twice) Sudan
76%
This national park has a super volcano. Yellowstone
70%
This country has the largest rock on earth. Australia
67%
This ocean Is shrinking The Pacific Ocean
61%
This country has approximately 7,641 islands. Philippines
55%
Tallest mountain on earth (Taller Than Everest) Mauna Kea
45%
This island nation is growing 5 centimeters per year Iceland
39%
This North American city is sinking. Mexico City
24%
Closest point to the Moon Mt. Chimborazo
18%
This sea has no coasts. Sargasso Sea
12%
It is a lake within an island on a lake within an island. Lake Taal on the island of Luzon
3%
No matching quizzes found
Score Distribution
Percent of People with Each Score
Percentile by Number Answered
Your Score History
You have not taken this quiz